| 000 | 00501nam a2200133Ia 4500 | ||
|---|---|---|---|
| 008 | 151001s9999||||xx |||||||||||||| ||und|| | ||
| 100 | _aपु द कोडोलीकर | ||
| 245 | _aमहाराष्ट्राचे शिल्पकार लोकमान्य टिळक | ||
| 250 | _a1 | ||
| 260 | _bमहाराष्ट्र राज्य साहित्य संस्कुती मंडळ मुंबई | ||
| 260 | _c2013 | ||
| 300 | _a147 | ||
| 365 | _b21 | ||
| 999 |
_c1000785 _d1000782 |
||